<?xml version="1.0" encoding="UTF-8"?>
<record
    xmlns:xsi="http://www.w3.org/2001/XMLSchema-instance"
    xsi:schemaLocation="http://www.loc.gov/MARC21/slim http://www.loc.gov/standards/marcxml/schema/MARC21slim.xsd"
    xmlns="http://www.loc.gov/MARC21/slim">

  <leader>00932naa a2200169 i 4500</leader>
  <controlfield tag="001">10208</controlfield>
  <controlfield tag="003">KOSZ 005</controlfield>
  <controlfield tag="005">20180417154903.0</controlfield>
  <controlfield tag="008">180417s2000    pl a         |100 0 pol d</controlfield>
  <datafield tag="040" ind1=" " ind2=" ">
    <subfield code="a">KOSZ 005/HR</subfield>
    <subfield code="c">KOSZ 005/HR</subfield>
  </datafield>
  <datafield tag="080" ind1=" " ind2=" ">
    <subfield code="a">94(438)</subfield>
  </datafield>
  <datafield tag="100" ind1="1" ind2=" ">
    <subfield code="a">PARTACZ, Czes&#x142;aw.</subfield>
    <subfield code="d">1999 - 2007.</subfield>
    <subfield code="b">Politechnika Koszali&#x144;ska - Wydzia&#x142; Ekonomii i Zarz&#x105;dzania,</subfield>
    <subfield code="c">Katedra Nauk Spo&#x142;ecznych.</subfield>
  </datafield>
  <datafield tag="245" ind1=" " ind2=" ">
    <subfield code="a">Mo&#x17C;liwo&#x15B;ci wsparcia wsp&#xF3;&#x142;pracy w zakresie szkolenia i rozwoju Polski przez Uni&#x119; w ramach programu PHARE II /</subfield>
    <subfield code="c">Czes&#x142;aw Partacz.</subfield>
  </datafield>
  <datafield tag="655" ind1=" " ind2="0">
    <subfield code="a">Materia&#x142;y konferencyjne.</subfield>
  </datafield>
  <datafield tag="773" ind1="0" ind2=" ">
    <subfield code="i">W :</subfield>
    <subfield code="t">Polska w drodze do Unii Europejskiej : ocena ekonomicznych, spo&#x142;ecznych i politycznych przygotowa&#x144; do cz&#x142;onkostwa : I krajowa konferencja naukowa, Koszalin, 30 marca 2000 r. / red. Bogus&#x142;aw Polak przy wsp&#xF3;&#x142;udz. Dariusza Magierka. -</subfield>
    <subfield code="d">Koszalin : Wydaw. Uczelniane PK, 2000. -</subfield>
    <subfield code="g">s. 241-246</subfield>
    <subfield code="z">8388283537</subfield>
  </datafield>
  <datafield tag="942" ind1=" " ind2=" ">
    <subfield code="2">UKD</subfield>
    <subfield code="c">ROZ</subfield>
  </datafield>
  <datafield tag="999" ind1=" " ind2=" ">
    <subfield code="c">10208</subfield>
    <subfield code="d">10208</subfield>
  </datafield>
</record>
